Transformation of Escherichia coli with a large plasmid of acidiphilium multivorum AIU 301 encoding arsenic resistance /
Đã lưu trong:
| Tác giả khác: | , , , , , |
|---|---|
| Định dạng: | Bài viết |
| Ngôn ngữ: | English |
| Những chủ đề: | |
| Các nhãn: |
Thêm thẻ
Không có thẻ, Là người đầu tiên thẻ bản ghi này!
|
| Thư viện lưu trữ: | Thư viện Trường Đại học Đà Lạt |
|---|
| LEADER | 01089nam a2200373 4500 | ||
|---|---|---|---|
| 001 | DLU090096580 | ||
| 005 | ##20091201 | ||
| 040 | # | # | |a DLU |b eng |
| 041 | # | # | |a eng |
| 044 | # | # | |a us |
| 245 | # | # | |a Transformation of Escherichia coli with a large plasmid of acidiphilium multivorum AIU 301 encoding arsenic resistance / |c K. Suzuki ... [et al.]. |
| 653 | # | # | |a Arsenic |
| 653 | # | # | |a Bacteria |
| 653 | # | # | |a Electroporation |
| 653 | # | # | |a Escherichia coli |
| 653 | # | # | |a Genetic transformation |
| 653 | # | # | |a Plasmid |
| 653 | # | # | |a Resistance |
| 700 | # | # | |a Kimura, T. |
| 700 | # | # | |a Ohmiya, K. |
| 700 | # | # | |a Sakka, K. |
| 700 | # | # | |a Sakurai, Y. |
| 700 | # | # | |a Suzuki, K. |
| 700 | # | # | |a Wakao, N. |
| 773 | # | # | |t Applied and Environmental Microbiology |g Vol. 63, no. 5 (May 1997), p. 2089-2091 |
| 920 | # | # | |a Phòng Tạp chí -- Trung tâm Thông tin - Thư viện Trường Đại học Đà Lạt |
| 994 | # | # | |a DLU |
| 900 | # | # | |a True |
| 911 | # | # | |a Trương Bảo Trâm Anh |
| 925 | # | # | |a G |
| 926 | # | # | |a A |
| 927 | # | # | |a BB |
| 980 | # | # | |a Thư viện Trường Đại học Đà Lạt |